Bước cải tiến đặc biệt từ word 2003 đến word 2007 T.2

Bước cải tiến đặc biệt từ word 2003 đến word 2007', trình bày những thao tác nâng cao, những tính năng đồ họa và xử lý đồ họa, cùng với một số thao tác mở rộng khác.

Sparad:
Bibliografiska uppgifter
Huvudupphovsman: Nguyễn Văn Huân
Materialtyp: Bok
Språk:Undetermined
Publicerad: H. Thanh Niên 2008
Ämnen:
Länkar:http://lrc.tdmu.edu.vn/opac/search/detail.asp?aID=2&ID=7792
Taggar: Lägg till en tagg
Inga taggar, Lägg till första taggen!
Thư viện lưu trữ: Trung tâm Học liệu Trường Đại học Thủ Dầu Một
LEADER 00939nam a2200217Ia 4500
001 TDMU_7792
008 210410s9999 xx 000 0 und d
082 |a 005.52 
090 |b NG527 
100 |a Nguyễn Văn Huân 
245 0 |a Bước cải tiến đặc biệt từ word 2003 đến word 2007 
245 0 |c Nguyễn Văn Huân 
245 0 |n T.2 
260 |a H. 
260 |b Thanh Niên 
260 |c 2008 
300 |a 387tr. 
520 |a Bước cải tiến đặc biệt từ word 2003 đến word 2007', trình bày những thao tác nâng cao, những tính năng đồ họa và xử lý đồ họa, cùng với một số thao tác mở rộng khác.  
650 |a Tin học văn phòng; Microsoft Word  
856 |u http://lrc.tdmu.edu.vn/opac/search/detail.asp?aID=2&ID=7792 
980 |a Trung tâm Học liệu Trường Đại học Thủ Dầu Một